000 01092naa a22003257a 4500
001 BR7602622
003 BR-BrBNA
005 20240918173837.0
007 ta
008 230509b bl.||||| |||| 00| 0 por d
040 _aBR-BrBNA
_bpor
_cBiblioteca Nacional de Agricultura
041 _a(Pt)
072 _aF00
_b2120
_bG514
090 _aF00 BR7602622
100 1 _aSouza, S.P. de
100 1 _aBartholo, G.F.
100 1 _aCaixeta, J.V.M.
100 1 _aMilles, C.C.A.
245 1 _aEnsaio de renque e espacamento entre linhas de cafeeiros [Coffea arabica; Machado; Minas Gerais; Brasil]
260 3 _aBelo Horizonte, MG (Brasil):
_c1976.
500 _aProjeto cafe. Relatorio anual 74/75 Belo Horizonte, MG (Brasil): 1976. p. 282-314 (BR7602622-AM)F00
650 _aProducao vegetal
650 _aEspacamento
650 _aCafe
650 _aDensidade de plantio
650 _aMinas Gerais
773 0 _tProjeto cafe. Relatorio anual 74/75
_wF00 BR7602622
_gBelo Horizonte, MG (Brasil), 1976. p. 282-314
909 _a202404
_bLucia
_c55
_dLucia Elande
942 _cAM
_2AGRIS
999 _c307244
_d307244